| 000 | 01169ngm a22003610a 4500 | ||
|---|---|---|---|
| 001 | PT16667 | ||
| 003 | AR-LpoUNG | ||
| 005 | 20210202000220.0 | ||
| 007 | vd cvaizq | ||
| 008 | 191001ss. f||||ag |||||||||||||||||spa d | ||
| 037 | _c$11.66 | ||
| 040 |
_aAR-LpoUNG _bspa _cAR-LpoUNG _eaacr |
||
| 041 | _aspa | ||
| 044 | _aag | ||
| 082 | 0 | _a982.04 676ros | |
| 100 | 1 |
_aSoaje Pinto, Juan Manuel _eprod. |
|
| 245 | 1 | 0 |
_aRosas : _b200 años |
| 260 |
_aBuenos Aires : _bBlackman, _cs. f.. |
||
| 300 | _aVHS (69 min.) : son., col. | ||
| 505 | 0 | _aEditor: Roberto Roppell Toubel | |
| 520 | _aAl cumplirse, el 30 de marzo de 1993, 200 años del nacimiento del Brigadier Gral. Juan Manuel de Rosas, el Centro Cultural Gral. San Martín presenta una completa realización audiovisual sobre uno de los personajes mas polémicos de nuestra historia. | ||
| 650 | 4 | _aANALISIS HISTORICO | |
| 650 | 4 | _aARGENTINA | |
| 650 | 4 | _aBIOGRAFIAS | |
| 650 | 4 | _aHISTORIA | |
| 651 | 4 | _aArgentina | |
| 653 | _aDOCUMENTALES | ||
| 653 | _aVIDEOS | ||
| 700 | 1 | _aCoscia, Jorge | |
| 710 | 2 | _aCentro Cultural General San Martín (Buenos Aires) | |
| 905 | _a16667 | ||
| 942 | _cVIDEO | ||
| 999 |
_c54360 _d54360 |
||